Statistical Yearbook 1985

Gespeichert in:
Bibliographische Detailangaben
Format: Buch
Sprache:Englisch
Veröffentlicht: Paris UNESCO 1985
Ausgabe:1. ed.
Tags: Tag hinzufügen
Keine Tags, Fügen Sie das erste Tag hinzu!

MARC

LEADER 00000nam a2200000 4500
001 c104413
005 20221220082345.6
041 0 |a eng 
044 |a FR 
245 1 0 |a Statistical Yearbook 1985 
250 |a 1. ed. 
264 1 |a Paris  |b UNESCO  |c 1985 
300 |a Prer. str.